The theatre and its double: (Record no. 124494)
[ view plain ]
| 000 -LEADER | |
|---|---|
| fixed length control field | 00899cam a2200301 4500 |
| 001 - CONTROL NUMBER | |
| control field | 4550038 |
| 003 - CONTROL NUMBER IDENTIFIER | |
| control field | ARRUPE |
| 005 - DATE AND TIME OF LATEST TRANSACTION | |
| control field | 20160330114502.0 |
| 008 - FIXED-LENGTH DATA ELEMENTS--GENERAL INFORMATION | |
| fixed length control field | 710216s1970 enk 000 0 eng |
| 010 ## - LIBRARY OF CONGRESS CONTROL NUMBER | |
| LC control number | 71537502 |
| 015 ## - NATIONAL BIBLIOGRAPHY NUMBER | |
| National bibliography number | B70-21895 |
| 020 ## - INTERNATIONAL STANDARD BOOK NUMBER | |
| International Standard Book Number | 0714507024 |
| 040 ## - CATALOGING SOURCE | |
| Original cataloging agency | DLC |
| Transcribing agency | DLC |
| Modifying agency | DLC |
| 041 1# - LANGUAGE CODE | |
| Language code of text/sound track or separate title | engfre |
| 050 00 - LIBRARY OF CONGRESS CALL NUMBER | |
| Classification number | PN2021 |
| Item number | .A713 |
| 082 00 - DEWEY DECIMAL CLASSIFICATION NUMBER | |
| Classification number | 792.015 |
| 300 ## - PHYSICAL DESCRIPTION | |
| Dimensions | 21cm. |
| 100 1# - MAIN ENTRY--PERSONAL NAME | |
| Personal name | Artaud, Antonin, |
| Dates associated with a name | 1896-1948. |
| 9 (RLIN) | 23417 |
| 240 10 - UNIFORM TITLE | |
| Uniform title | <a href="Théâtre et son double.">Théâtre et son double.</a> |
| Language of a work | English |
| 245 14 - TITLE STATEMENT | |
| Title | The theatre and its double: |
| Remainder of title | essays; |
| Statement of responsibility, etc | translated [from the French] by Victor Corti. |
| 260 ## - PUBLICATION, DISTRIBUTION, ETC. (IMPRINT) | |
| Place of publication, distribution, etc | London, |
| Name of publisher, distributor, etc | Calder & Boyars, |
| Date of publication, distribution, etc | 1970. |
| 300 ## - PHYSICAL DESCRIPTION | |
| Extent | 102p.; |
| 350 ## - PRICE (NR) (BK AM CF MU VM SE) [OBSOLETE] | |
| Price | 21/- |
| 490 0# - SERIES STATEMENT | |
| Series statement | Signature series |
| Volume number/sequential designation | [4] |
| 500 ## - GENERAL NOTE | |
| General note | Translation of Le théâtre et son double. |
| 650 #0 - SUBJECT ADDED ENTRY--TOPICAL TERM | |
| Topical term or geographic name as entry element | Theater. |
| 9 (RLIN) | 23254 |
| General subdivision | Addresses |
| 906 ## - LOCAL DATA ELEMENT F, LDF (RLIN) | |
| a | 7 |
| b | cbc |
| c | orignew |
| d | 3 |
| e | ncip |
| f | 19 |
| g | y-gencatlg |
| 942 ## - ADDED ENTRY ELEMENTS (KOHA) | |
| Source of classification or shelving scheme | Library of Congress Classification |
| Koha item type | Monograph ( Printed materials) |
| Withdrawn status | Lost status | Source of classification or shelving scheme | Damaged status | Not for loan | Collection code | Home library | Current library | Shelving location | Date acquired | Total Checkouts | Full call number | Barcode | Date last seen | Price effective from | Koha item type |
|---|---|---|---|---|---|---|---|---|---|---|---|---|---|---|---|
| Library of Congress Classification | Main Collection | ARRUPE LIBRARY | ARRUPE LIBRARY | Main Collection | 29/03/2016 | PN2021.A713 | 46500007134 | 27/03/2019 | 29/03/2016 | Monograph ( Printed materials) |